000
00288nam a2200133Ia 4500
100
_a
Ramalingom/T
942
_c
BK
654
_a
transducers
245
_a
Transducers measurement system
260
_b
Khanna
_a
Delhi
_c
1985
082
_a
621.381
_b
RAM
300
_a
184
546
_a
ENGLISH
999
_c
19528
_d
19528